Statistiken für Erste Allgemeine Verunsicherung (EAV) - Alle Lieder

Klicken Sie hier um das Quiz zu spielen!

Allgemein

  • Dieses Quiz wurde 28 mal gespielt
  • Das Durchschnittsergebnis liegt bei 16 aus 351

Antwortstatistiken

Antworten% Korrekt
Ba-Ba-Banküberfall
86%
Küss die Hand schöne Frau
57%
Märchenprinz
57%
Geld oder Leben
52%
Liebe, Tod und Teufel
43%
Der Tod
38%
Heisse Nächte (in Palermo)
38%
Im Café Passé (1)
38%
Im Café Passé (2)
38%
Im Café Passé (3)
38%
Im Café Passé (4)
38%
Im Café Passé (5)
38%
Küss die Hand Herr K.
38%
3 weisse Tauben
33%
Ding Dong
33%
Fata Morgana
33%
Im Himmel ist die Hölle los
33%
An der Copacabana
29%
Burli
29%
Himbeerland I
29%
Himbeerland II
29%
Neue Helden (braucht das Land)
29%
Nie wieder Kunst
29%
Amore
24%
Morgen
24%
Was haben wir gelacht
24%
Alles ist erlaubt
19%
Die Russen kommen
19%
Drei verliebte Pinguine (1)
19%
Drei verliebte Pinguine (2)
19%
Frauenluder
19%
Neppo 1
19%
Neppo 2
19%
Samurai
19%
Werwolf-Attacke!
19%
300 PS (Auto...)
14%
Afrika - Ist der Massa gut bei Kassa
14%
Johnny 1 - Fahrscheine
14%
Johnny 2 - Zuckerwatte
14%
Johnny 3 - Bullen
14%
Johnny 4 - Feuer
14%
Johnny 5 - WC
14%
Sandlerkönig Eberhard
14%
S'Muaterl
14%
Alpenrap
10%
Ein Freund
10%
Einmal möchte ich ein Böser sein
10%
Es g'winnt a jeder
10%
God Bless America
10%
Neandertal
10%
Neandertal 2016
10%
Schweine-Funk
10%
Agadla Gu Gu
5%
A Jodler & a Stromgitarr
5%
Aloahe / Die Braut und der Matrose
5%
Alpen-Punk / Kufsteinlied
5%
Amore Romantica
5%
Auf der Nepperbahn
5%
Bitte Bier
5%
Blöd
5%
Cinderella
5%
Dann & Wann
5%
Das Leben das ist kurz
5%
Der Teufel
5%
Die Geschichte
5%
Die Pille für den Mann
5%
Die Zeit
5%
Einsamkeit
5%
Elftes Gebot
5%
Erlkönig
5%
Es fährt kein Zug
5%
Gebot (Begehren)
5%
Gebot (Stehlen)
5%
Gebot (Töten)
5%
Hallo
5%
Hallo Hallo
5%
Hip Hop
5%
Ibrahim
5%
Jambo
5%
Kann denn Schwachsinn Sünde sein
5%
Knieweich
5%
Matador
5%
Mütterlein (zum Muttertag)
5%
Nagelbett
5%
Panga Panga
5%
Schau wie's schneit
5%
Schnippel Schnipp
5%
Tanzen
5%
Tarzan und Jane
5%
The frogs are coming
5%
Trick der Politik
5%
Vorbei
5%
Wirf die Motorsäge an
5%
Wo ist der Kaiser?
5%
Yes, that's Jazz
5%
100 Jahre Oma
0%
10 kleine Japanesen
0%
166 Jahre Udo
0%
25 Jahr' lang hör' i jetzt scho des Ö3
0%
3 schwule Gartenzwerge
0%
Aberakadabera
0%
A ganz klana Indiana
0%
A klanes Feuer
0%
Alk-Parade
0%
Am Christkindlmoarkt
0%
Amore Finale
0%
Am rechten Ort
0%
Arrivederci
0%
Asawa Wuwu
0%
Auf 7 Krücken
0%
Austria Blei: Jö, Schau
0%
Austria Blei: Langsam wachst er zamm
0%
Austria Blei: Matt & Mattscher
0%
Austropop in Tot-Weiss-Tot
0%
Babuschka
0%
Baden in Aden
0%
Balkan-Boogie
0%
Bankrott
0%
Barbara
0%
Barbie
0%
Beim Csejtei im Hof
0%
Bella Bella Signorina
0%
Billy Beinhart
0%
Bimsemann und Roggenkeil
0%
Bongo Boy
0%
Boshaft ist die Vogelschar
0%
Bum Bum (Monika)
0%
Christkind verführen
0%
*#ck dich
0%
Coconut Island
0%
Coole, alte Sau
0%
Da-Da-Datenautobahn
0%
Dame Europa
0%
Das Altersheim in Fürstenfeld
0%
Das Auge Basedows
0%
Das letzte Hemd
0%
Das Wandern
0%
David & Goliath
0%
Da Voda
0%
Der blöde Hein
0%
Der erhobene Zeigefinger
0%
Der geile Weihnachtsmann
0%
Der letzte Brief
0%
Der oide Wolf
0%
Der Tigerenten-Clubsong
0%
Der Wein von Mykonos
0%
Der Würger
0%
Die Intellektuellen
0%
Die Madonna von San Jose
0%
Die Steirerwerdung
0%
Die Ufos kommen
0%
Die Wildsau
0%
Disco Dillo
0%
Disco Queen
0%
Dudelsack-Dudu
0%
Dummheit an die Macht
0%
Dürüdldü (Mein kleiner Junge)
0%
Dürüdldu Präambel
0%
EA-Flau Medley
0%
Edi
0%
Eierfranz
0%
Eierkopf-Rudi
0%
Eilige 3 Könige
0%
Ein brennheisses Krautfleisch
0%
Einer geht um die Welt
0%
Einer muss der Krampus sein
0%
Ein Herz für Tiere
0%
Ein Huhn
0%
Element 1
0%
Element 2
0%
Eloise & die Krise
0%
Erzherzog Jörgerl
0%
Erzöh' ma' des
0%
Es ist nie zu spät
0%
Esoterror
0%
Es steht ein Haus in Ostberlin
0%
Es tut weh und es tut gut (Bäng, Bäng)
0%
Es wird Heller
0%
Expedition Austria
0%
Feiste Weiber
0%
Flugzeug
0%
Fragt's mi, wann ma gehn muss
0%
Freiheit
0%
Friss oder Stirb
0%
Frl. Hildegard
0%
Für Dich...
0%
Geburtstag
0%
Gegen den Wind
0%
Geheimnis
0%
Go Karli Go
0%
Gruftgranaten Finale
0%
Gruftgranaten-Intro
0%
GTX de Luxe GS
0%
Guru
0%
Guten Morgen
0%
Halali
0%
Halleluja
0%
Hasta la Vista
0%
Heavy-Metal-Pepi
0%
Helden
0%
Hereinspaziert
0%
Herz gestohlen
0%
Hey Du
0%
Horrortraum einer jungen Dame
0%
Hunger
0%
Hypochonder
0%
Ich bin bei dir
0%
Ich tät's noch einmal
0%
I hob des G'fühl
0%
Ihr Kinderlein kommet (verdammt noch einmal)
0%
Imam
0%
Im Sommer 53
0%
Insp. Tatü
0%
Intro-Nepp
0%
I shot the golfball
0%
Ist da ein anderer Mann
0%
Ja Ja der Alkohol
0%
Jugendschutz
0%
Kinder im Krieg
0%
Kling Glöckchen
0%
Klinik unter Psalmen
0%
Knickerbocker Rock
0%
Koch
0%
Komm her
0%
Konkurs
0%
Konstantin der Nasenbär
0%
Kriegst a Watschn
0%
Kuddeldaddeldu
0%
Küss die Hand, Pandemie
0%
Küss die Wand EA-Blau
0%
La Loba
0%
Leberkas
0%
Leckt's mi
0%
Lederhosen-Zombies
0%
Leise rieselt
0%
Lez Dänce
0%
Liebelei
0%
Life is a Dog-Boogie
0%
Lonesome Cowboy
0%
Madonna Präambel
0%
Männer brauchen Tritte
0%
Man soll den Tag...
0%
Maschine
0%
Mei herrlich
0%
Mein Gott
0%
Mein Gott Intro (Taliban)
0%
Model Todel Klimbim Samba
0%
Monsters of Trachtenball
0%
Möpse
0%
Morgen Kommt Der Weihnachtsmann
0%
Moses & das Rote Meer
0%
Mrs. Fuckushima
0%
Musik kommt aus der Gruft
0%
Müßiggang
0%
Muttertagsgruss
0%
Neppofin
0%
Neppo-Nepp
0%
Nostradamus
0%
Notkäppchen
0%
Nummer
0%
Nur ein Strumpf von Dir
0%
Obama
0%
ÖD 3 - Steif dabei
0%
Oh Bio Mio
0%
Oh du Gröhlige
0%
Oh Fusel Du
0%
Oh nur Du
0%
Ohr-Troubles
0%
Oh Tannenbaum
0%
Omama (Zum Grossmuttertag)
0%
Pfeif drauf
0%
Popstar
0%
Pustel Gunkel
0%
Rabatt, Rabatt
0%
Rabenschwarz und Weiß
0%
Rasta Disasta Reggae
0%
Rechts 2,3
0%
Rinderlein 1
0%
Rinderlein 2
0%
Rinderlein 3
0%
Rinderlein 4
0%
Rinderlein 5
0%
Roll Over Bethlehem
0%
Rumsti Bumsti
0%
Sado Lilly
0%
Salatisten-Mambo
0%
Sarkophag
0%
Satanella
0%
Scharia Ho
0%
Schecksymbol
0%
Scheitlknian am Weihnachtsabend
0%
Schlingel Bell
0%
Schneebrunzer
0%
Schnelles Geld
0%
Schweinefranz
0%
Sepp, der Rodler
0%
s'Glück
0%
Simsalabim (Die Esoterroristen)
0%
Sofa
0%
Sohn, wo bist Du?
0%
Solo für Urinschüssel
0%
Spitalo Fanfaro
0%
Spitalo Finalo
0%
Stein der Weisen
0%
Stemmerking
0%
Stille Nacht
0%
Stille Nacht (Privatabfüllung)
0%
Stolzer Falke
0%
Supertürke
0%
Swingerclub
0%
Tanzbaron
0%
Tanzmusik auf Bestellung
0%
Tanz Tanz Tanz
0%
Theater um die Kunst
0%
Toleranz
0%
Total verunsichert
0%
Tu Felix Austria
0%
Ufo
0%
Umberto e Sophia
0%
Unscheinbarer Bua
0%
Unter den Bäumen
0%
Valerie Valera
0%
Vereinsamt
0%
Verflucht
0%
Vienna
0%
Wa (Dumpa)
0%
Was ist los
0%
Watumba Finale
0%
Weh dem der pflügt
0%
Weihnachten net leiden
0%
Wenn Hausfrauen träumen
0%
Wer riecht so streng...
0%
Werwolf-Outro
0%
Wien, Wien, nur Du allein
0%
Wie schön (wär diese Welt)
0%
Winterstrasse
0%
Wir jetten
0%
Wir marschieren / Heimatlied
0%
Wir Schwyzer
0%
Wir sind auf Deine Träume scharf (Hier kommen die Traumvampire)
0%
Wo ist die Kohle?
0%
Woodstock
0%
Würschtlstand
0%
Würstchen an die Macht
0%
Ziwuwu
0%
Ziwuwu (Anton aus Dschibudi-Mix)
0%
Zugriff
0%
Zum Grossmuttertag
0%
Zwirch und Zwabel
0%

Verteilung der Resultate

Perzentil nach korrekt beantworteten Fragen

Anzahl Personen mit jedem Resultat

Ihre Resultats-Entwicklung

Sie haben dieses Quiz noch nicht gespielt